Themed Anagram Match-Up Quiz Stats

 Plays Quiz Updated Sep 8, 2016

Challenge
Share
Tweet
Score 0/24 Timer 04:00
1 Play Today
% Correct
A diet
95.1%
George Bush
94.4%
eleven plus two
93.3%
debit card
91.6%
the eyes
91.1%
mother-in-law
90.1%
a decimal point
89.8%
a gentleman
89.6%
meal for one
87.1%
rats and mice
86.3%
asteroid threats
86.3%
garbage man
85.1%
% Correct
heavy rain
84.9%
drum solo
84.8%
Statue of Liberty
83.6%
the Morse code
83.4%
anti-democratic
81.8%
clothes pins
81.1%
orators hate
77.2%
television ads
73.9%
sweep the floor
73.4%
school student
72.5%
intensive care
72.4%
older and wiser
68%

You're not logged in!

Compare scores with friends on all Sporcle quizzes.
OR
Log In

You Might Also Like...

Show Comments

Extras

Top Quizzes Today


Score Distribution

Your Account Isn't Verified!

In order to create a playlist on Sporcle, you need to verify the email address you used during registration. Go to your Sporcle Settings to finish the process.

Report this User

Report this user for behavior that violates our Community Guidelines.

Details: